|
|
|
|
| LEADER |
00000csb a2200000 a 4500 |
| 005 |
20240219144234.0 |
| 008 |
000000| ||||||||r|||||||||||spa|| |
| 040 |
|
|
|b spa
|
| 041 |
1 |
|
|a spa
|
| 082 |
0 |
|
|a 373.5
|b C592r
|
| 110 |
2 |
|
|a Colegio Nacional Benigno Malo.
|9 16342
|
| 245 |
|
|
|a Revista del Colegio Nacional Benigno Malo
|h imp
|
| 264 |
|
|
|a Cuenca
|b Colegio Nacional Benigno Malo
|c Febrero 27 de 1929
|
| 300 |
|
|
|a 93 páginas:
|c 25 cm
|
| 362 |
|
|
|a Tomo 1; no. 10 (febrero 27 de 1929)
|
| 650 |
|
0 |
|a Malo benigno
|9 420
|
| 650 |
|
|
|a Sinonimias de botanica
|9 175575
|
| 773 |
0 |
|
|0 6110
|9 6110
|a Colegio Nacional Benigno Malo
|d Cuenca Colegio Nacional Benigno Malo Febrero 27 de 1929
|o 6110
|w 6110
|6 6110
|
| 852 |
|
|
|a UC-CDJBV
|c ESTANTERIA CERRADA
|f Donación
|k margarita.gutierrez
|l 1
|m General
|p 00000000
|r 2
|b 0
|d CDRC
|e CDRC
|g 373.5 C592r ESTANTERIA CERRADA
|z 0000-00-00
|
| 942 |
|
|
|c SERA
|
| 999 |
|
|
|c 94761
|d 94761
|